Тифлопедагогика : (Record no. 488718)
[ view plain ]
| 000 -LEADER | |
|---|---|
| fixed length control field | 00816nam a2200205 a 4500 |
| 001 - CONTROL NUMBER | |
| control field | 000005983 |
| 003 - CONTROL NUMBER IDENTIFIER | |
| control field | AM-YeHGA |
| 005 - DATE AND TIME OF LATEST TRANSACTION | |
| control field | 20250617162410.0 |
| 008 - FIXED-LENGTH DATA ELEMENTS--GENERAL INFORMATION | |
| fixed length control field | 021219s1956 ||||||||||||||||||||rus|c |
| 040 ## - CATALOGING SOURCE | |
| Original cataloging agency | AM-YeHGA |
| 090 ## - LOCALLY ASSIGNED LC-TYPE CALL NUMBER (OCLC); LOCAL CALL NUMBER (RLIN) | |
| -- | 492088 |
| 245 00 - TITLE STATEMENT | |
| Title | Тифлопедагогика : |
| Remainder of title | Сборник докладов / |
| Statement of responsibility, etc. | АПН РСФСР. Ленингр. ин-т педагогики ; Под ред. Б.И. Коваленко. |
| 250 ## - EDITION STATEMENT | |
| Edition statement | 2-е изд., доп. |
| 260 ## - PUBLICATION, DISTRIBUTION, ETC. | |
| Place of publication, distribution, etc. | Москва : |
| Name of publisher, distributor, etc. | Изд-во АПН РСФСР, |
| Date of publication, distribution, etc. | 1956. |
| 300 ## - PHYSICAL DESCRIPTION | |
| Extent | 312 с. |
| 440 #0 - SERIES STATEMENT/ADDED ENTRY--TITLE | |
| Title | Педагогические чтения |
| 650 14 - SUBJECT ADDED ENTRY--TOPICAL TERM | |
| Topical term or geographic name entry element | Тифлопедагогика |
| 700 1# - ADDED ENTRY--PERSONAL NAME | |
| Personal name | Коваленко, Б.И. |
| Relator term | ред. |
| Relationship | edt |
| 710 2# - ADDED ENTRY--CORPORATE NAME | |
| Corporate name or jurisdiction name as entry element | Ленинградский институт педагогики АПН РСФСР |
| Withdrawn status | Lost status | Source of classification or shelving scheme | Damaged status | Not for loan | Collection | Home library | Current library | Date acquired | Total checkouts | Full call number | Barcode | Date last seen | Price effective from | Koha item type | Public note |
|---|---|---|---|---|---|---|---|---|---|---|---|---|---|---|---|
| Universal Decimal Classification | General | Fundamental Scientific Library | Fundamental Scientific Library | 22/02/2019 | РД II/43517 | FL0553394 | 22/02/2019 | 22/02/2019 | Գրքեր / Books | 30 Days Loan |
ՀՀ Գիտությունների ազգային ակադեմիայի հիմնարար գիտական գրադարան = Fundamental Scientific Library of NAS RA
All site content, except where otherwise noted, is licensed under a